| 000 | 00727nam a2200241Ia 4500 | ||
|---|---|---|---|
| 003 | GCL | ||
| 008 | 140319s9999 xx 000 0 ara d | ||
| 040 |
_aGCL / _cGCL |
||
| 082 | 0 | 4 |
_a810.3 _bش س |
| 100 | 1 | _aشوقى محمد المعاملى | |
| 245 | 1 | 0 |
_aالسيرة الذاتة فى التراث / _cشوقى محمد المعاملى |
| 260 |
_a[S.N] : _bمكتبة النهضة المصرية ، _c1989 |
||
| 300 | _a275 ص | ||
| 490 | _a | ||
| 650 | 0 | 4 | _aالادب العربى |
| 650 | 0 | 4 | _aالتراث |
| 650 | 0 | 4 | _aالكتابة |
| 650 | 0 | 4 | _aالكتابة الفنية |
| 650 | 0 | 4 | _aالتأليف |
| 650 | 0 | 4 | _aالترجمة الذاتية |
| 650 | 0 | 4 | _aتاريخ ونقد |
| 942 |
_2ddc _cBK |
||
| 999 |
_c30216 _d30216 |
||